FIFA 21 Top 10 Left Back - Statistics

General Stats
  • This quiz has been taken 225 times
  • The average score is 5 of 10
Answer Stats
Rank Player OVA % Correct
1 Andrew Robertson 87
93%
2 Jordi Alba 86
92%
8 Ferland Mendy 83
75%
3 Alex Sandro 85
60%
4 Alex Telles 84
41%
7 Lucas Digne 84
32%
6 Grimaldo 84
23%
5 Nicolas Tagliafico 84
23%
10 José Luis Gayà 83
17%
9 Marcos Acuña 83
16%
No matching quizzes found
Score Distribution
Percent of People with Each Score
Percentile by Number Answered
Your Score History
You have not taken this quiz